Cuarto programa de acción comunitario para la igualdad de oportunidades entre hombres y mujeres (1996-2000) (Registro nro. 4311)
[ vista simple ]
| 000 -CABECERA | |
|---|---|
| Longitud fija campo de control | 01344nam a2200373 c 4500 |
| 001 - NÚMERO DE CONTROL | |
| Número de control | 4311 |
| 003 - IDENTIFICADOR DE NÚMERO DE CONTROL | |
| Identificador del número de control | ES-MaCES |
| 005 - FECHA Y HORA DE LA ÚLTIMA TRANSACCIÓN | |
| Fecha y hora de la última transacción | 20250121040008.0 |
| 008 - CAMPO FIJO DE DESCRIPCIÓN FIJA--INFORMACIÓN GENERAL | |
| Códigos de información de longitud fija | 971119s1996 sp ||| | spa d |
| 017 ## - NÚMERO DE REGISTRO DE DERECHOS DE AUTOR Y DEPÓSITO LEGAL | |
| Número de copyright o de depósito legal | M 7835-1996 |
| Agencia que asigna el número | DL |
| 020 ## - ISBN (INTERNATIONAL STANDARD BOOK NUMBER) | |
| Número Internacional Normalizado para Libros (ISBN) | 8477991286 |
| 024 7# - OTROS IDENTIFICADORES | |
| Número normalizado o código | 378-96-024-5 |
| Fuente del número o código | nipo |
| 035 ## - NÚMERO DE CONTROL DEL SISTEMA | |
| Número de control del sistema | CES19980043467m |
| 040 ## - FUENTE DE CATALOGACIÓN | |
| Centro catalogador de origen | ES-MaCES |
| Lengua de catalogación | spa |
| Centro transcriptor | ES-MaCES |
| 245 00 - MENCIÓN DE TÍTULO | |
| Título | Cuarto programa de acción comunitario para la igualdad de oportunidades entre hombres y mujeres (1996-2000) |
| 260 ## - PUBLICACIÓN, DISTRIBUCIÓN, ETC (PIE DE IMPRENTA) | |
| Lugar de publicación, distribución, etc. | Madrid |
| Nombre del editor, distribuidor, etc. | Ministerio de Asuntos Sociales, Instituto de la Mujer |
| Fecha de publicación, distribución, etc. | D.L. 1996 |
| 300 ## - DESCRIPCIÓN FÍSICA | |
| Extensión | 63 p. |
| Dimensiones | 20 cm |
| 490 1# - MENCIÓN DE SERIE | |
| Mención de serie | Serie Documentos |
| Designación de volumen o secuencia | 20 |
| 500 ## - NOTA GENERAL | |
| Nota general | En la port., además: Aprobado por decisión del Consejo de Trabajo y Asuntos Sociales (22 de diciembre de 1995) |
| 541 ## - NOTA DE LA FUENTE INMEDIANTE DE ADQUISICIÓN | |
| Forma de adquisición | Gratuito |
| 650 #4 - ASIENTO SECUNDARIO DE MATERIA--TÉRMINO DE MATERIA | |
| Término de materia o nombre geográfico como elemento inicial | mujeres |
| 9 (RLIN) | 28657 |
| 650 #4 - ASIENTO SECUNDARIO DE MATERIA--TÉRMINO DE MATERIA | |
| Término de materia o nombre geográfico como elemento inicial | igualdad de oportunidades |
| 9 (RLIN) | 27183 |
| 650 #4 - ASIENTO SECUNDARIO DE MATERIA--TÉRMINO DE MATERIA | |
| Término de materia o nombre geográfico como elemento inicial | política comunitaria |
| 9 (RLIN) | 30776 |
| 650 #4 - ASIENTO SECUNDARIO DE MATERIA--TÉRMINO DE MATERIA | |
| Término de materia o nombre geográfico como elemento inicial | plan de acción |
| 9 (RLIN) | 30406 |
| 650 #4 - ASIENTO SECUNDARIO DE MATERIA--TÉRMINO DE MATERIA | |
| Término de materia o nombre geográfico como elemento inicial | 1996-2000 |
| 9 (RLIN) | 31148 |
| 653 10 - TÉRMINO DE INDEXACIÓN--NO CONTROLADO | |
| Término no controlado | Mujer |
| 650 #4 - ASIENTO SECUNDARIO DE MATERIA--TÉRMINO DE MATERIA | |
| 9 (RLIN) | 26752 |
| Término de materia o nombre geográfico como elemento inicial | UE |
| 710 2# - ENCABEZAMIENTO SECUNDARIO--NOMBRE CORPORATIVO | |
| Nombre de entidad o nombre de jurisdicción como elemento inicial | Instituto de la Mujer (España) |
| Término indicativo de función | ed. |
| 9 (RLIN) | 4190 |
| 787 0# - ENTRADA DE OTRAS ESPECIFICACIONES | |
| Título | Conciliación entre vida familiar y política |
| Número de control del registro relacionado | (ES-MaCES)10159 |
| 830 #0 - ENCABEZAMIENTO SECUNDARIO DE COLECCIÓN--TÍTULO UNIFORME | |
| Título uniforme | Serie Documentos (Instituto de la Mujer (España)) |
| Designación de volumen o secuencia | 20 |
| 9 (RLIN) | 32068 |
| 902 ## - CES. TIPO DE DOCUMENTO | |
| Tipodoc (006$c Sirtex) | LIB Libro |
| 942 ## - ELEMENTOS KOHA | |
| Fuente de clasificaión o esquema | Clasificación propia del CES |
| Koha [por defecto] tipo de item | Monografías |
| Parte de clasificación | 3.3. |
| Número de registro | Signatura completa | Tipo de item de Koha |
|---|---|---|
| 014122 | DPT-6583 | Monografías |
